000 01380cad a22002295a 4500
001 L143074
008 080407s2008 xxkd f s 000 0 eng d
035 _a(Sirsi) u143074
041 0 _aeng
050 0 4 _a333.33 $2 18
110 2 _aKnight Frank
_91530
245 0 0 _aInternational demand for UK residential property
_h[electronic resource]
260 _aLondon
_bKnight Frank
_c2008
490 0 _aKnight Frank Research Report
520 _aReport on survey results finds that in recent years, demand from overseas investors for UK residential property has increased markedly. This surge of interest has been driven by rising wealth, a desire to widen portfolios, and a more international outlook on behalf of investors. The UK is attractive due to its tax regime, stability and market transparency. In addition, cross border investment regulations have eased. However, legislation still restricts investment from some countries. Concludes that UK stock owners require effective marketing and knowledge of major overseas markets in order to attract further foreign buyers.
521 2 _aAdvanced
590 _aKA
651 4 _aInternational
690 _aPROPERTY-RESIDENTIAL PROPERTY-RESIDENTIAL PROPERTY MARKET
856 4 0 _uhttps://www.knightfrank.com/research/ViewDetails.aspx?reportTitleid=149
_zView the item free of charge at www.knightfrank.com...
942 _n0
999 _c108058
_d108058